El Románico en la comarca del Bages /
Colección:
San Jorge,
; núm. 22 (abril 1956), pàg 19-21
Idioma:
Español
MARC
| LEADER | 00000naa a2200000 a 4500 | ||
|---|---|---|---|
| 003 | Arxiu | ||
| 005 | 20260324181508.0 | ||
| 008 | 160829s1956 spcaxx s spa c | ||
| 100 | 1 | |a Verrié, F.-P. |q (Frederic-Pau), |d 1920-2017 |9 29681 | |
| 245 | 1 | 3 | |a El Románico en la comarca del Bages / |c por F.P. Verrié |
| 490 | |a San Jorge, |v núm. 22 (abril 1956), pàg 19-21 | ||
| 650 | 0 | |a Art romànic |9 33868 |z Bages (Catalunya) | |
| 650 | |a Arquitectura catalana |x Bages (Catalunya) |9 33869 | ||
| 773 | |g Núm. 22 (abril 1956), pàg 19-21 |t San Jorge. | ||
| 901 | |a Arxiu | ||
| 942 | |n 1 |2 udc |c ART | ||
| 952 | |0 0 |1 0 |4 0 |6 REV511 |7 1 |9 66142 |a Arxiu |b Arxiu |d 2023-04-17 |l 0 |o Rev-511 |r 2023-04-17 00:00:00 |w 2023-04-17 |y ARXIU |z També disponible a Rev-525 | ||
| 999 | |c 50052 |d 50052 | ||